| 000 | 00837cam a22002893a 4500 | ||
|---|---|---|---|
| 001 | 752 | ||
| 003 | PGUSA | ||
| 005 | 20140828082952.0 | ||
| 008 | 060121s2006||||xxu|||||s|||||000 | eng d | ||
| 040 |
_aPGUSA _beng |
||
| 042 | _adc | ||
| 050 | 4 | _aHQ | |
| 245 | 1 | 2 |
_aA Young Girl's Diary _h[electronic resource] |
| 260 |
_bProject Gutenberg, _c2006 |
||
| 500 | _aTranslation of: Tagebuch eines halbwüchsigen Mädchens | ||
| 506 | _aPublic domain in the USA. | ||
| 516 | _aElectronic text | ||
| 653 | _aTeenage girls -- Austria -- Vienna -- Diaries | ||
| 653 | _aAdolescence | ||
| 653 | _aTeenage girls | ||
| 700 | 1 |
_aPaul, Cedar, _d1880-1972 |
|
| 700 | 1 |
_aPaul, Eden, _d1865-1944 |
|
| 700 | 1 |
_aFreud, Sigmund, _d1856-1939 |
|
| 830 | 0 |
_aProject Gutenberg _v752 |
|
| 856 | 4 | 0 | _uhttp://www.gutenberg.org/ebooks/752 |
| 942 | _cEB | ||
| 999 |
_c230103 _d230103 |
||